| 000 | 01128 a2200229 4500 | ||
|---|---|---|---|
| 001 | 44924 | ||
| 005 | 20260407155724.0 | ||
| 008 | 260407a1995 arg spa d | ||
| 003 | AR-UNSa-BCEJYS | ||
| 040 |
_aAR-UNSa-BCEJYS _bspa _cAR-UNSa-BCEJYS |
||
| 080 |
_a330.34 _xDesarrollo Económico |
||
| 245 | 1 | 0 |
_aInforme sobre el desarrollo mundial 1995 _pEl mundo del trabajo en una economía integrada |
| 020 | _a0-8213-2893-X | ||
| 264 | 1 |
_aWashington : _bBanco Mundial _c1995 |
|
| 300 |
_ax, 275 p. _c27 cm. |
||
| 505 | _a1. ¿Qué estrategias de desarrollo son beneficiosas para los trabajadores? – 2. La integración internacional: ¿oportunidad o amenaza para los trabajadores? – 3. ¿Cómo deberían los gobiernos intervenir en los mercados de trabajo? – 4. ¿Qué políticas pueden ayudar a los trabajadores en época de grandes cambios? – 5. Perspectivas para los trabajadores en el siglo XXI. | ||
| 041 | _aspa | ||
| 942 | _cBK | ||
| 590 | _aniveau_biblio:m niveau_hierar:0 | ||
| 100 | 1 | _aBanco Mundial | |
| 856 | 4 | 1 |
_uhttps://www.biblioeco.unsa.edu.ar/pmb/images/libros/L127047.jpg _yImagen de portada _qimage/jpeg |
| 999 |
_c3863 _d3863 |
||